| 000 | 00347nam a2200121Ia 4500 | ||
|---|---|---|---|
| 005 | 20260326235444.0 | ||
| 008 | 260326s9999||||xx |||||||||||||| ||und|| | ||
| 100 | _aRoura Oxandaberro, José María | ||
| 245 | 0 |
_aQuito monumental : _b Folklore / _cJosé María Roura Oxandaberro |
|
| 260 | _bSenefelder | ||
| 650 | _aARQUITECTURA COLONIAL | ||
| 942 | _cBK | ||
| 999 |
_c7511 _d7511 |
||